LEADER 04278nam 22006615 450 001 9910484251703321 005 20251113180119.0 010 $a3-030-64610-6 024 7 $a10.1007/978-3-030-64610-3 035 $a(CKB)5410000000054443 035 $a(MiAaPQ)EBC6416133 035 $a(DE-He213)978-3-030-64610-3 035 $a(PPN)252507851 035 $a(EXLCZ)995410000000054443 100 $a20201129d2021 u| 0 101 0 $aeng 135 $aurnn#008mamaa 181 $ctxt$2rdacontent 182 $cc$2rdamedia 183 $acr$2rdacarrier 200 10$a8th European Medical and Biological Engineering Conference $eProceedings of the EMBEC 2020, November 29 ? December 3, 2020 Portoro?, Slovenia /$fedited by Tomaz Jarm, Aleksandra Cvetkoska, Samo Mahni?-Kalamiza, Damijan Miklavcic 205 $a1st ed. 2021. 210 1$aCham :$cSpringer International Publishing :$cImprint: Springer,$d2021. 215 $a1 online resource (XXV, 1172 p. 495 illus., 405 illus. in color.) 225 1 $aIFMBE Proceedings,$x1433-9277 ;$v80 300 $aIncludes index. 311 08$a3-030-64609-2 327 $aA MATLAB App to Assess the Reliability of New Methods Compared to their Benchmarks -- A Novel Convolutional Neural Network for Continuous Blood Pressure Estimation -- A Novel Validation Framework to Assess Segmentation Accuracy of Inertial Sensor Data for Rehabilitation Exercises -- A Retrospective Observational Study of Health Facility Ownership Type and Performance on HIV Indicator Data Reporting in Kenya -- An Alternative Way to Measure Tidal Volumes -- Analysis and Measurement of Cardiac Output based on Pulmonary Artery Thermodilution in Laboratory Conditions -- Anisotropic Iteratively Re-Weighted TV Regularized Reconstruction for Linear Tomosynthesis -- Anti-tumor Effectiveness of Calcium Electroporation in Subcutaneous Murine Tumor Models is Dose Dependent -- Application of SOFA Framework for Physics-Based Simulation of Deformable Human Anatomy of Nasal Cavity -- Automatic Detection of Real and Imaginary Parts of Electrical Impedance with Single Synchronous Demodulation Channel. 330 $aThis book aims at informing on new trends, challenges and solutions, in the multidisciplinary field of biomedical engineering. It covers traditional biomedical engineering topics, as well as innovative applications such as artificial intelligence in health care, tissue engineering , neurotechnology and wearable devices. Further topics include mobile health and electroporation-based technologies, as well as new treatments in medicine. Gathering the proceedings of the 8th European Medical and Biological Engineering Conference (EMBEC 2020), held on November 29 - December 3, 2020, in Portoro?, Slovenia, this book bridges fundamental and clinically-oriented research, emphasizing the role of education, translational research and commercialization of new ideas in biomedical engineering. It aims at inspiring and fostering communication and collaboration between engineers, physicists, biologists, physicians and other professionals dealing with cutting-edge themes in and advanced technologiesserving the broad field of biomedical engineering. . 410 0$aIFMBE Proceedings,$x1433-9277 ;$v80 606 $aBiomedical engineering 606 $aBiomechanics 606 $aBiomaterials 606 $aBiology$xTechnique 606 $aBiomedical Devices and Instrumentation 606 $aBiomechanical Analysis and Modeling 606 $aBiomedical Materials 606 $aMedical and Health Technologies 606 $aBiological Techniques 615 0$aBiomedical engineering. 615 0$aBiomechanics. 615 0$aBiomaterials. 615 0$aBiology$xTechnique. 615 14$aBiomedical Devices and Instrumentation. 615 24$aBiomechanical Analysis and Modeling. 615 24$aBiomedical Materials. 615 24$aMedical and Health Technologies. 615 24$aBiological Techniques. 676 $a345.04 676 $a610.28 702 $aJarm$b T$g(Tomaz?), 801 0$bMiAaPQ 801 1$bMiAaPQ 801 2$bMiAaPQ 906 $aBOOK 912 $a9910484251703321 996 $a8th European Medical and Biological Engineering Conference$92821347 997 $aUNINA